SYSTEMATIC APPROACH TO INCOME TAX SERVIC (Record no. 11021)

MARC details
000 -LEADER
fixed length control field 00387nam a2200145Ia 4500
008 - FIXED-LENGTH DATA ELEMENTS--GENERAL INFORMATION
fixed length control field 240624s9999 xx 000 0 und d
041 ## - LANGUAGE CODE
Language code of text/sound track or separate title eng
082 ## - DEWEY DECIMAL CLASSIFICATION NUMBER
Classification number 336.24 AHU
100 ## - MAIN ENTRY--PERSONAL NAME
Personal name AHUJA GIRISH
245 ## - TITLE STATEMENT
Title SYSTEMATIC APPROACH TO INCOME TAX SERVIC
250 ## - EDITION STATEMENT
Edition statement (20th ed.)
260 ## - PUBLICATION, DISTRIBUTION, ETC.
Date of publication, distribution, etc. 2008
Place of publication, distribution, etc. New Delhi
Name of publisher, distributor, etc. Bharat Law House Pvt. Ltd.
300 ## - PHYSICAL DESCRIPTION
Extent 828 : p. : cm. ; 23
365 ## - TRADE PRICE
Currency code RS
Price amount 15
Holdings
Withdrawn status Lost status Damaged status Not for loan Home library Current library Shelving location Date acquired Source of acquisition Cost, normal purchase price Total Holds Full call number Barcode Date last seen Copy number Price effective from Koha item type
        IMTN IMTN Rack 12-B 10/13/2008 SLH 450.00 32536 336.24 AHU 11021 06/24/2024 1 06/24/2024 Books
Designed & Maintained by: LRC IMT Nagpur Contact: lrc@imtnag.ac.in© 2024. All Rights Reserved.